00421nam a2200145Ia 4500003000400000008004100004040001600045082001500061100001900076245006600095260004300161300001000204650002400214650003700238GCL140319s9999 xx 000 0 eng d aGCL / cGCL04a364.3bB C1 aBARTOL, CURT R10aCRIMINAL BEHAVIOR: A PSYCHOSOCIAL APPROACH / cBARTOL, CURT R a[S.N] : bPRENTICE HALL, INC ، c1995 a483 P04aCRIMINAL PSYCHOLOGY04aCRIMINAL BEHAVIOR - UNITED STATE